Tejas (Record no. 118043)

MARC details
000 -LEADER
campo de control de longitud fija 00661nam a2200205 i 4500
001 - NÚMERO DE CONTROL
campo de control 118043
003 - IDENTIFICADOR DE NÚMERO DE CONTROL
campo de control ES-MaACL
005 - FECHA Y HORA DE LA ÚLTIMA TRANSACCIÓN
campo de control 20230906191023.0
007 - CAMPO FIJO DE DESCRIPCIÓN FÍSICA--INFORMACIÓN GENERAL
campo de control de longitud fija t|
008 - DATOS DE LONGITUD FIJA--INFORMACIÓN GENERAL
campo de control de longitud fija 070214q1918 sp r ||||1| spa d
100 1# - ENTRADA PRINCIPAL--NOMBRE DE PERSONA
Nombre de persona Pereyra, Carlos,
Fechas asociadas al nombre 1871-1942
9 (RLIN) 90541
245 10 - MENCIÓN DEL TÍTULO
Título Tejas
Resto del título : la primera desmembración de Méjico /
Mención de responsabilidad, etc. Carlos Pereyra.
260 ## - PUBLICACIÓN, DISTRIBUCIÓN, ETC.
Lugar de publicación, distribución, etc. Madrid :
Nombre del editor, distribuidor, etc. América,
Fecha de publicación, distribución, etc. [1918?]
300 ## - DESCRIPCIÓN FÍSICA
Extensión 252 p. ;
Dimensiones 19 cm.
490 1# - MENCIÓN DE SERIE
Mención de serie Biblioteca de la juventud hispano americana ;
Designación de volumen o secuencia 6
651 #4 - PUNTO DE ACCESO ADICIONAL DE MATERIA--NOMBRE GEOGRÁFICO
Nombre geográfico Texas-
Subdivisión general Historia.
9 (RLIN) 9437
830 0# - PUNTO DE ACCESO ADICIONAL DE SERIE-TÍTULO UNIFORME
Título uniforme Biblioteca de la juventud hispano americana ;
Designación de volumen o secuencia 6
9 (RLIN) 186411
852 ## - LOCALIZACIÓN
Ubicación ES-MaACL
Número de control de estantería F-6623
Holdings
Estatus retirado Estado de pérdida Estado de daño No para préstamo Biblioteca de origen Biblioteca actual Ubicación en estantería Fecha de adquisición Fuente de adquisición Total de préstamos Signatura topográfica completa Código de barras Visto por última vez Precio de reemplazo Tipo de ítem Koha
        Biblioteca del Ateneo de Madrid Biblioteca del Ateneo de Madrid Depósito 2 17/01/2008     F-6623 1123062 23/02/2023 23/02/2023 Libro impreso